00882nam a22002652a 450000100060000000300080000600500170001400800410003103500190007204000270009104100080011808200210012610000330014724500590018026000510023930000330029050400320032350400200035565000220037565000230039765000230042094200120044399900170045595201440047232281BD-RjUL20211209051819.0140424s1924 xx 001 0 eng d a(BD-RjUL)32370 aDLCcOHIdBD-RjULbeng aeng00a155.25bPIP 19241 aPierce, Edgar,d1870-99819414aThe philosophy of character /cby Edgar Pierce, PH. D. aCambridge :bHarvard University Press,cc1924. axi, 435 p. :bill. ;c24 cm. aBibliographical foot-notes. aIncludes index. 0aCharacter.998195 0aPhilosophy.998196 0aPsychology.998197 2ddccBK c32281d32281 00102ddc40718NFICaRUCLbRUCLcReadingd1956-03-06eB. H. Blackwellg1.36l0o155.25 PIP 1924r2014-04-24 00:00:00tC-1w2014-04-24yBK